000 00267nam a22001217a 4500
040 _cHS
082 _a634
100 _aGERALD M, SAPERS
245 _aMicrobiology of fruits and vegetables
260 _aFrance
_bGERALD M, SAPERS
_c2006
300 _a633p;
942 _cEK
999 _c9593
_d9593